00441cam a2200181ua 45000010005000000080039000050200015000440400009000590410008000680820010000761000024000862450050001102500009001602600032001693000010002016530026002116530022002378535150212n ii |||gr||||Z||||||eng a8170961041 cMAIN aeng a414.8 aJones, D.,eAuthor. aOutline of english phoneticscBy Danial Jones a9th. aNew Delhi:bKalyani,c1998. a378p. aPhonology & phonetics aEnglish phonetics